Poeta con paisaje (notice nᵒ 5663)
[ vue normale ]
| 000 -Sello discográfico | |
|---|---|
| campo de control de longitud fija | 00926nam0a2200289 4500 |
| 005 - Identificación de versión | |
| campo de control | 20251017062838.0 |
| 010 ## - Número Estándar Internacional de Libros (ISBN) | |
| Número (ISBN) | 968-411-575-X |
| 035 ## - Otros números de control del sistema | |
| Número de control del sistema | 32690 |
| 099 ## - fechas locales | |
| Tipo de ítem Koha | LIBRO |
| 100 ## - Datos de procesamiento general | |
| Datos de procesamiento general | 20120102d2004 m y0spay5003 ba |
| 105 ## - Campo de datos codificados: Material textual, monográfico | |
| Datos codificados de monografía | y 001cb |
| 200 1# - Título y mención de responsabilidad | |
| Título propio | Poeta con paisaje |
| Designación general del material | texto impreso |
| Otra información del título | ensayos sobre la vida de Octavio Paz |
| Primer mención de responsabilidad | Guillermo Sheridan |
| 205 ## - Declaración de edición | |
| Declaración de edición | 1a ed |
| 210 ## - Publicación, distribución, etc. | |
| Lugar de publicación, distribución, etc. | México |
| Nombre del editor, distribuidor, etc. | Ediciones Era |
| Fecha de publicación, distribución, etc. | 2004 |
| 215 ## - Descripción física | |
| Designación de material específico y extensión del ítem | 569 p |
| Dimensiones | 21 cm |
| 320 ## - Nota de índices/bibliografías internas | |
| Texto de la nota | Incluye bibliografía: p.545-552 e índice onomástico |
| 345 ## - Nota de información de adquisición | |
| Fuente de adquisición/dirección de la suscripción [OBSOLETO] | Donación 'Salon du Livre 2009' |
| 410 #1 - Series | |
| Título | Biblioteca Era |
| Número de volumen | 378/1-2 |
| 600 ## - Nombre personal usado como materia | |
| Elemento de entrada | Paz Lozano |
| Parte del nombre distinta del elemento de entrada | Octavio Irineo |
| Fechas | 1914-1998 |
| Número Koha | 536 |
| 700 ## - Nombre personal - Responsabilidad primaria | |
| Elemento de entrada | Sheridan Prieto |
| Parte del nombre distinta del elemento de entrada | Guillermo |
| Fechas | 1950- |
| Número Koha | 3424 |
| 801 #0 - Fuente de origen | |
| País | FR |
| Agencia | cm |
| Reglas de catalogación (convenciones descriptivas) | AFNOR |
| 900 ## - | |
| -- | 1/21128 |
| 942 ## - ELEMENTOS DE ENTRADA SECUNDARIOS (KOHA) | |
| Tipo de ítem Koha | Livre |
| 996 ## - | |
| -- | MEX |
| -- | 751145101 |
| -- | MMAG |
| -- | 001112 |
| -- | 920 P348S |
| -- | 20120102LIV |
| Estatus retirado | Estado de daño | Estado de pérdida | Fecha de adquisición | Biblioteca de origen | Biblioteca actual | Ubicación en estantería | Código de barras | Precio de reemplazo | Signatura topográfica completa | No para préstamo | Tipo de ítem Koha | Nota pública | Nota no pública |
|---|---|---|---|---|---|---|---|---|---|---|---|---|---|
| 05/08/2025 | Casa México Paris | Casa México Paris | 001112 | 05/08/2025 | 920 P348S | Livre | 20120102LIV | 751145101 |